| 000 | 00701nam a22002417a 4500 | ||
|---|---|---|---|
| 003 | UA-OsUOA | ||
| 001 | 25789 | ||
| 007 | ta | ||
| 008 | 20040427b un ||||| |||| 00| 0 ukr d | ||
| 100 | _aБескровный Л.Г. | ||
| 090 |
_a355.48(470) _bХ91 |
||
| 942 | _cBK | ||
| 040 |
_aUA-OsUOA _brus _cUA-OsUOA _dUA-OsUOA |
||
| 245 | _aХрестоматия по русской военной истории | ||
| 300 | _a638 с. | ||
| 955 | _a2 | ||
| 041 | _arus | ||
| 080 | _a355.48(470) | ||
| 260 |
_aМосква _bВоенное издательство министерства вооруженных сил союза ССР _c1947 |
||
| 044 | _aRU | ||
| 650 | 7 | _2UDC | |
| 999 |
_c312091 _d312091 |
||